000 00287nam a22001217a 4500
003 SGT
082 _a616.385
_bT01R
100 _aRUSCELLO, DENNIS M.
245 _aTESTS AND MEASUREMENT IN SPEECH LANGUAGE PATHOLOGY
260 _aBOSTON
_bBH PUB
_c2001
300 _a239
942 _2ddc
_cBK
999 _c14834
_d14834